| 000 | 00000nam##2200000za#4500 |
| 001 | 9.644198 |
| 003 | CaOODSP |
| 005 | 20210624224532 |
| 007 | cr ||||||||||| |
| 008 | 150407|1978||||xxc|||||o f|0| 0 fre|d |
| 040 | |aCaOODSP|bfre |
| 043 | |an-cn--- |
| 086 | 1 |aA15-5039/1978F-PDF |
| 110 | 1 |aCanada.|bAgriculture Canada. |bService de l'information. |
| 245 | 13|aLe riz sauvage |h[ressource électronique] |
| 260 | |aOttawa - Ontario : |bAgriculture Canada. |cc1978. |
| 300 | |a8p. |
| 500 | |aPublication historique numérisée par Agriculture et Agroalimentaire Canada. |
| 590 | |a15-02-Supp|b2015-02-16 |
| 856 | 40|ahttp://publications.gc.ca|qPDF|s228 Ko|uhttps://publications.gc.ca/collections/collection_2015/aac-aafc/A15-5039-1978-fra.pdf |
| 986 | |aPublication 5039 |